El rol de la escritura
Este ensayo elabora las posibilidades de la auto-representación ficcionalizada en la voces memoriosas de la crónica colonial. Se analiza la historia Indiana de Nicolás Fedesman.
Uloženo v:
| Hlavní autor: | |
|---|---|
| Médium: | Neznámo |
| Vydáno: |
Venezuela:
Universidad Simón Bolivar,
|
| Témata: | |
| Tagy: |
Přidat tag
Žádné tagy, Buďte první, kdo vytvoří štítek k tomuto záznamu!
|
MARC
| LEADER | 000000000a22000000004500 | ||
|---|---|---|---|
| 001 | 000040 | ||
| 022 | |a 0798-958-X | ||
| 100 | 1 | |a Saraceni, Gina Alessandra | |
| 245 | 1 | 0 | |a El rol de la escritura |
| 260 | |a Venezuela: |b Universidad Simón Bolivar, | ||
| 310 | |a semestral | ||
| 520 | |a Este ensayo elabora las posibilidades de la auto-representación ficcionalizada en la voces memoriosas de la crónica colonial. Se analiza la historia Indiana de Nicolás Fedesman. | ||
| 650 | 4 | |a CRONICA COLONIAL | |
| 650 | 4 | |a LITERATURA LATINOAMERICANA | |
| 650 | 4 | |a HISTORIA | |
| 650 | 4 | |a VENEZUELA | |
| 650 | 4 | |a HEROES | |
| 650 | 4 | |a PERSONAJES | |
| 773 | 0 | |t Estudios: Revista de Investigaciones Literarias | |
| 773 | 0 | |g 2 | |
| 773 | 0 | |g 3 | |
| 773 | 0 | |g 1994 | |
| 773 | 0 | |g 39-62 | |
| 999 | |c 790 |d 790 | ||
